01322nam a2200361Ia 4500001001200000003000800012006001900020007001500039008004100054010001700095020001800112020001800130040002100148035002100169050002300190082001400213245011500227260005300342300001400395504005100409533015200460650002500612650001400637650001800651650002000669650002700689650001900716655002900735700003400764710001700798856012600815999001900941ebr10547360CaPaEBRm u cr cn|||||||||111208s2012 cou sb 001 0 eng d z 2011050456 z9781607321569 z9781607321576 aCaPaEBRcCaPaEBR a(OCoLC)78163569614aHT609b.A44 2012eb04a305.522304aThe anthropological study of class and consciousnessh[electronic resource] /cedited by E. Paul Durrenberger. aBoulder :bUniversity Press of Colorado,cc2012. ax, 317 p. aIncludes bibliographical references and index. aElectronic reproduction.bPalo Alto, Calif. :cebrary,d2011.nAvailable via World Wide Web.nAccess may be limited to ebrary affiliated libraries. 0aClass consciousness. 0aClassism. 0aLabor unions. 0aSocial classes. 0aSocial stratification. 0aWorking class. 7aElectronic books.2local1 aDurrenberger, E. Paul,d1943-2 aebrary, Inc.40uhttp://site.ebrary.com/lib/rucke/Doc?id=10547360zAn electronic book accessible through the World Wide Web; click to view c138896d138896